MARC details
| 000 -LÍDER |
| campo de controle de tamanho fixo |
03266nam a2200289 4500 |
| 001 - NÚMERO DE CONTROLE |
| campo de controle |
15 |
| 003 - IDENTIFICADOR DO NÚMERO DE CONTROLE |
| campo de controle |
OSt |
| 005 - DATA E HORÁRIO DA ÚLTIMA TRANSAÇÃO |
| campo de controle |
20250528074009.0 |
| 008 - CAMPO DE DADOS FIXOS--INFORMAÇÃO GERAL |
| campo de controle de tamanho fixo |
250120b |||||||e |||| 00| 1 eng d |
| 020 ## - ISBN - INTERNATIONAL STANDARD BOOK NUMBER |
| ISBN - International Standard Book Number |
8528600599 |
| 040 ## - FONTE DA CATALOGAÇÃO |
| Idioma da catalogação |
por |
| 041 ## - CÓDIGO DE IDIOMA |
| Código do idioma do original e/ou traduções intermediárias do texto |
spa |
| Código do idioma do texto/trilha sonora ou título diferente |
por |
| 082 ## - CDD - CLASSIFICAÇÃO DECIMAL DE DEWEY |
| Número de Classificação |
ch860 |
| Número do exemplar |
A432e |
| 100 ## - ENTRADA PRINCIPAL--NOME PESSOAL |
| Nome pessoal |
Allende, Isabel |
| Datas associadas ao nome |
1942- |
| 9 (RLIN) |
29 |
| 245 ## - TÍTULO |
| Título |
Eva Luna / |
| Indicação de responsabilidade, etc. |
Allende, Isabel ; Tradução de Luísa Ibañez |
| 260 ## - PUBLICAÇÃO, DISTRIBUIÇÃO, ETC. |
| Local de publicação, distribuição, etc. |
Rio de Janeiro |
| Nome do editor, distribuidor, etc. |
Bertrand Brasil |
| Data da publicação, distribuição, etc. |
1988 |
| 300 ## - DESCRIÇÃO FÍSICA |
| Extensão |
328 p. |
| 520 ## - NOTA DE RESUMO, ETC. |
| Resumo, etc. |
“Chamo-me Eva, que quer dizer vida. Nasci no quarto dos fundos de uma casa sombria e cresci entre móveis antigos, livros em latim e múmias humanas, embora isso não me tenha tornado melancólica, pois vim ao mundo tendo na memória um hálito de selva.” A oitava edição brasileira de Eva Luna chega às livrarias com um novo projeto gráfico. Terceiro romance da autora hispano-americana, publicado pela primeira vez em 1987, é considerado a obra que consagrou definitivamente Isabel Allende como uma das vozes importantes da literatura contemporânea. Antes, ela publicara A Casa dos Espíritos e De Amor e de Sombra, que já a haviam alçado a um seleto grupo de autores. Em seus primeiros trabalhos, Allende afirmava escrever para arrancar os fantasmas que levava dentro de si e que não a deixavam em paz. Atribuiu à palavra o poder de ressuscitar os mortos, reunir os desaparecidos e reconstruir o mundo perdido. Em Eva Luna, ela também deseja testemunhar e denunciar. Eva Luna, a protagonista e narradora, relata a burlesca história da sua própria vida e das pessoas que encontrou ao longo do caminho. “Os personagens tornam-se a imagem verdadeira de uma coletividade. Para defender suas opiniões e livrar-se de suas obsessões, a romancista cria caracteres e tipos, misturando realidade e imaginação: a madrinha que enlouquece; Mimi, um homossexual; Huberto Naranjo, um guerrilheiro; e Rolf Carlé, um cineasta. Eva, a primeira mulher, tem uma vida de pobreza e de lutas pela sobrevivência, num contexto de caudilhos e de ditaduras militares, em que o povo nunca decide o curso dos acontecimentos.” Por sua crítica e denúncia da realidade social, Eva Luna aproxima-se da tradição do romance picaresco espanhol, cedo implantado na América hispânica. A ironia diante das condições adversas e o humor sempre presente transformam em comédia os momentos mais trágicos. A descoberta de si e do seu corpo conduz Eva Luna à realização plena da sua identidade. Trata-se de um moderno conto de fadas. A AUTORA De nacionalidade chilena, Isabel Allende nasceu em Lima, no Peru, em 1942. Abandonou o Chile após o golpe militar. Aos 16 anos, começou a trabalhar como jornalista e depois como escritora. A Casa dos Espíritos deu início, em 1982, à sua bem-sucedida carreira literária. Entre as suas obras, destacam-se De Amor e de Sombra, Contos de Eva Luna, Paula, Afrodite, Filha da Fortuna e A Cidade das Feras, todas publicadas pela Bertrand Brasil. Vive na Califórnia, nos Estados Unidos.<br/>Leia menos |
| 650 #0 - ASSUNTO--TERMO TÓPICO |
| Cabeçalho tópico ou nome geográfico |
Literatura Chilena |
| 9 (RLIN) |
88 |
| 650 #0 - ASSUNTO--TERMO TÓPICO |
| Cabeçalho tópico ou nome geográfico |
Drama |
| 9 (RLIN) |
18 |
| 650 #0 - ASSUNTO--TERMO TÓPICO |
| Cabeçalho tópico ou nome geográfico |
Amor e Paixão |
| 9 (RLIN) |
25 |
| 650 #0 - ASSUNTO--TERMO TÓPICO |
| Cabeçalho tópico ou nome geográfico |
Guerra |
| 9 (RLIN) |
30 |
| 655 #0 - TERMO DE ÍNDICE--GÊNERO E FORMA |
| Gênero/forma/ou termo foco |
Romance |
| 655 #0 - TERMO DE ÍNDICE--GÊNERO E FORMA |
| Gênero/forma/ou termo foco |
Ficção |
| 700 ## - ENTRADA ADICIONADA - NOME PESSOAL |
| Função do autor por extenso |
Tradutor |
| Nome pessoal |
Luísa Ibañez |
| 942 ## - ELEMENTOS DE ENTRADA ADICIONADOS (KOHA) |
| Fonte de classificação ou esquema de arquivamento |
Classificação decimal de Dewey |
| Ocultar no OPAC |
Não |
| Tipo de material Koha |
Livros |